| 000 | 00370nam a2200145Ia 4500 | ||
|---|---|---|---|
| 008 | 210210b1970 xxu||||| |||| 00| 0 eng d | ||
| 082 | _a547 SARM | ||
| 100 | _aSARKAR (P B). | ||
| 245 | _aModern organic chemistry. | ||
| 260 |
_aCalcutta _bScience Book Agency _c1970 |
||
| 300 | _aiv,634 | ||
| 650 | _aOrganic Chemistry | ||
| 690 | _aOrganic Chemistry | ||
| 906 | _a028600 | ||
| 999 |
_c79840 _d79840 |
||